Statistiques concernant Noms d'animes (à remplir) #3

Cliquez ici pour prendre le quiz!

Statistiques générales

  • Ce quiz a été pris 107 fois
    (73 depuis la dernière actualisation)
  • Le résultat moyen est 9 sur 26

Statistiques - réponses

StudioReponse% Correct
Toei AnimationDragon Ball {Super} (DBS)
92%
White FoxRe:{Zero}
85%
A-1 PicturesBlack {Butler}
74%
Liden FilmsTokyo {Revengers} (et Tokyo Ghoul)
74%
MadhouseHighschool {of} {the} {Dead}
62%
Toei AnimationDragon Ball {GT} (+ Dragon Ball/Z aussi)
56%
Studio PierrotGreat {Teacher} {Onizuka}
56%
MadhouseDeath {Parade} (et Death Note)
44%
TNK, puis PassioneHighschool {DxD}
43%
MadhouseBlack {Lagoon} (les 3 avec Black Clover aussi)
39%
Wit StudioGreat {Pretender}
39%
TMS EntertainmentRe{LIFE}
30%
Lay-duce, puis Signal.MD
& Production I.G, puis
CloverWorks
Fate/{Grand} {Order} (GO)
25%
J. C. StaffA Certain {Magical} {Index} (MI)
23%
A-1 PicturesFate/{Apocrypha}
21%
Orange & Kinema CitrusBlack {Bullet}
20%
A-1 PicturesMagi: {The} {Labyrinth} {of} {Magic} (TLoM)
18%
J. C. StaffA Certain {Scientific} {Railgun} (SR)
15%
J. C. StaffAngel{s} {of} {Death} (et Angel Beats)
11%
J. C. StaffA Certain {Scientific} {Accelerator} (SA)
10%
Lay-duceMagi: {Adventure} {of} {Sinbad} (AoS)
8%
TROYCARe:{Creators}
7%
Studio ShaftFate/{EXTRA}
5%
Silver LinkFate/{kaleid} {liner} {Prisma} {Illya} (klPI)
5%
Production I.G (+ 2 autres)Sword {Gai} {The} {Animation} (et Sword Art Online)
5%
Satoshi Kon principalementTokyo {Godfathers}
5%

Distribution des résultats

Percentile par nombre de réponses

% des personnes avec chaque résultat

Votre développement - résultats

Vous n’avez pas pris ce quiz depuis la dernière actualisation